[Event "Aeroflot Open 2017"]
[Site "Moscow"]
[Date "2017.02.26"]
[Round "6"]
[White "Ghaem Maghami, Ehsan"]
[Black "Debashis, Das"]
[Result "1/2-1/2"]
[WhiteElo "2566"]
[BlackElo "2472"]
[Annotator "TA"]
[PlyCount "102"]
[EventDate "2017.??.??"]

1. c4 Nf6 2. Nc3 e6 3. Nf3 Bb4 4. Qc2 O-O 5. a3 Bxc3 6. Qxc3 d6 7. b3 b6 8. g3
Bb7 9. Bg2 c5 10. O-O Nbd7 11. Bb2 Qc7 {LiveBook: 3 Games} 12. Rad1 Rfd8 13. d4
cxd4 14. Qxd4 Nc5 15. Qe3 {White wants to play Bxf6.} e5 16. Rc1 a5 17. b4 axb4
18. axb4 Ne6 19. Bh3 Re8 20. Rfd1 Qc6 21. Bg2 Qc7 22. Bh3 Qc6 23. Rd2 h6 24.
Bg2 Qc7 25. Bh3 Qc6 26. Bf5 Qc7 27. Nh4 Ra4 28. Qb3 $1 Raa8 29. Qe3 Ra4 30. Qb3
Raa8 31. f3 Rad8 32. Qe3 Qc6 33. Bb1 b5 34. cxb5 Qxb5 35. Nf5 Nd5 36. Qd3 Qxb4
37. Kh1 {[#]} e4 $1 38. fxe4 (38. Qxe4 Qxd2) 38... Nc5 39. Qd4 $1 Qxd4 40. Rxd4
({Of course not} 40. Bxd4 Nb3 41. Rb2 Nxc1 $17) 40... Nxe4 41. Bxe4 Rxe4 42.
Rxe4 {[#] Strongly threatening Kg1.} Nc3 43. Ne7+ ({Much weaker is} 43. Bxc3
Bxe4+ 44. Kg1 Bxf5 $17) 43... Kf8 {The position is equal.} 44. Bxc3 Bxe4+ 45.
Kg1 {And now Nc8! would win.} Kxe7 46. Bxg7 $11 {Endgame KRB-KRB} h5 47. Kf2
Ke6 48. Rc4 Bg6 49. Bh6 d5 50. Rc6+ Rd6 51. Rxd6+ Kxd6 1/2-1/2

[Event "Aeroflot Open 2017"]
[Site "Moscow"]
[Date "2017.02.26"]
[Round "6"]
[White "Gordievsky, Dmitry"]
[Black "Kuzubov, Yuriy"]
[Result "0-1"]
[WhiteElo "2564"]
[BlackElo "2643"]
[Annotator "TA"]
[PlyCount "80"]
[EventDate "2017.??.??"]

1. d4 Nf6 2. Bf4 g6 3. e3 {??.} Bg7 4. Nf3 d6 5. c3 O-O 6. h3 c5 7. dxc5 dxc5
8. Qxd8 Rxd8 9. a4 Nc6 10. Bc7 Re8 11. Bc4 Bd7 12. Nbd2 Rac8 13. Be5 Red8 14.
Bxf6 Bxf6 15. Nb3 b6 16. Nfd2 Ne5 17. Ba6 Rc7 18. f4 Nc6 19. Kf2 Na5 $36 {
Black has good play.} 20. Nxa5 {And now Nac4 would win.} Bc8 21. Be2 ({White
should play} 21. Nab3 $15 Bxa6 22. a5) 21... Rxd2 22. Nc4 Bh4+ 23. g3 {[#]}
Bxg3+ $1 24. Kf3 {[#]} (24. Kxg3 Rxe2) 24... Bb7+ $1 25. e4 {[#]} Rxe2 $1 26.
Kxe2 Bxf4 27. Rhf1 g5 28. a5 (28. h4 $17) 28... Bxe4 $19 29. a6 (29. axb6 $142
axb6 30. Nxb6) 29... Rc6 30. Rfd1 b5 31. Rd8+ Kg7 32. Nd2 Bf5 33. c4 bxc4 34.
Nxc4 Bc8 35. Rxc8 $2 (35. Re8 {was worth a try.}) 35... Rxc8 {KRB-KRN} 36. Na5
Bc7 37. Nb7 (37. Nc6 $142 Bb8 38. Na5) 37... Bb6 {Black is clearly winning.}
38. Kd3 c4+ 39. Kc3 h5 40. Re1 Kf6 0-1

[Event "Aeroflot Open 2017"]
[Site "Moscow"]
[Date "2017.02.26"]
[Round "6"]
[White "Lorparizangeneh, Shahin"]
[Black "Lalith Babu M R"]
[Result "1/2-1/2"]
[WhiteElo "2519"]
[BlackElo "2584"]
[Annotator "TA"]
[PlyCount "121"]
[EventDate "2017.??.??"]

1. e4 e5 2. Nf3 Nc6 3. Bb5 a6 4. Ba4 Nf6 5. O-O Nxe4 6. d4 b5 7. Bb3 d5 8. dxe5
Be6 9. Nbd2 Be7 10. c3 Nc5 11. Bc2 d4 12. Nb3 d3 13. Bb1 Nxb3 14. axb3 Bf5 15.
Re1 O-O 16. Be3 Qd5 17. Bd4 d2 18. Re2 Bxb1 {LiveBook: 6 Games} 19. Rxb1 Nxd4
20. Nxd4 Bg5 {White has an edge.} 21. g3 f6 (21... c5 $14 22. Nf5 Qe6) 22. f4
$1 $16 {Threatens to win with e6.} c5 23. Nc2 ({Much weaker is} 23. fxg5 $6
cxd4 24. gxf6 dxc3 25. bxc3 Qc5+ 26. Rf2 Rad8 $11) 23... Bh6 $1 24. Rxd2 ({
Worse is} 24. Qxd2 Qxd2 25. Rxd2 fxe5 $17) 24... Qxb3 {Threatening ...fxe5.}
25. exf6 gxf6 (25... b4 $142) 26. Qh5 Rad8 27. Re2 Bg7 28. Ne3 Rfe8 29. Rbe1
Qf7 30. Qxc5 Bf8 31. Qf5 Qg6 32. h4 Rxe3 33. Qxg6+ hxg6 34. Rxe3 $14 {Endgame
KRR-KRB} Bc5 35. Kf2 Kf7 36. Kf3 {Hoping for Re6.} Bxe3 37. Kxe3 $16 {KR-KR}
Ke6 ({Better is} 37... a5) 38. g4 f5 39. Kf3+ Kf7 40. gxf5 gxf5 41. Re5 Kf6 42.
Ke3 Rd1 (42... Rh8 $14) 43. Rc5 Re1+ 44. Kd4 (44. Kf2 $16 Rh1 45. Rc6+ Kg7 46.
Rxa6) 44... Re4+ 45. Kd5 {Black should prevent Rc6+.} Rxf4 46. Rc6+ Ke7 {[#]} (
46... Kf7 $11) 47. h5 $1 ({Much less strong is} 47. Rxa6 $6 Rxh4 48. Re6+ Kd7
$14) 47... a5 48. h6 Kf7 {[#]} 49. h7 (49. Rb6 $1 $16) 49... Kg7 $11 {The
position is equal.} 50. Rh6 Kh8 51. Kc5 b4 $1 52. Kb5 bxc3 53. bxc3 a4 54. c4
a3 55. c5 a2 56. Ra6 Rf2 57. c6 Rb2+ 58. Kc4 Rc2+ 59. Kd5 f4 60. Ke4 Rxc6 61.
Rxa2 1/2-1/2

[Event "Aeroflot Open 2017"]
[Site "Moscow"]
[Date "2017.02.26"]
[Round "6"]
[White "Tabatabaei, M amin"]
[Black "Maghsoodloo, Parham"]
[Result "1/2-1/2"]
[WhiteElo "2507"]
[BlackElo "2575"]
[Annotator "TA"]
[PlyCount "90"]
[EventDate "2017.??.??"]

1. d4 Nf6 2. c4 g6 3. f3 d5 4. cxd5 Nxd5 5. e4 Nb6 6. Nc3 Bg7 7. Be3 O-O 8. Qd2
e5 9. d5 c6 10. h4 cxd5 11. exd5 N8d7 12. h5 Nf6 13. hxg6 fxg6 14. O-O-O Bd7
15. d6 Rc8 16. Kb1 e4 17. fxe4 Ng4 18. Bg5 Qe8 {LiveBook: 4 Games. aiming for .
..Bxc3.} 19. Nf3 $1 Rf7 20. Be7 Rxc3 $1 (20... Rxe7 $6 21. dxe7 Qxe7 22. Qd6
$16) 21. bxc3 {Threatens to win with Be2.} Qc8 {And now ...Nf2 would win.} ({
Don't go for} 21... Rxe7 $2 22. dxe7 Qxe7 {[#]} 23. Bc4+ $1 Kh8 24. Qd6 $18)
22. Rc1 {Rh4 is the strong threat.} Na4 $1 23. Ng5 Qc5 $1 {Strongly
threatening ...Rf2.The position is equal.} ({But not} 23... Nxc3+ $2 24. Rxc3
Qxc3 25. Qxc3 Rxf1+ 26. Rxf1 $18) 24. Rh3 Rxf1 25. Rxf1 {Black must now
prevent Qc2.} Qb5+ 26. Kc2 Qb2+ 27. Kd1 Qa1+ 28. Kc2 Qxa2+ (28... Qb2+ $5 29.
Kd1 $8 Qa1+ 30. Qc1 Qxa2 $11) 29. Kc1 Qa1+ 30. Kc2 {White wants to mate with
Qd5+.} Qb2+ 31. Kd1 Qb1+ ({Don't capture} 31... Nxc3+ $2 32. Rxc3 Qa1+ 33. Rc1
Qa4+ 34. Ke2 $18) 32. Ke2 {White threatens Qd5+ and mate.} Bb5+ 33. Kf3 Qxf1+ (
33... Ne5+ $5 34. Kg3 $8 Qxf1 $11) 34. Kxg4 Bd7+ 35. Kh4 {Threatening mate
with Qa2+.} Bxc3 36. Qd5+ Kg7 {[#] ( -> ...Qf4+)} 37. Bf6+ $1 Qxf6 (37... Bxf6
38. Qf7+) 38. Rf3 Bc6 (38... Be1+ $5 39. g3 $8 Bc6 40. Rxf6 Bxd5 $14) 39. Qd1
Nb2 40. Qb3 Be1+ 41. Kh3 Qxg5 42. Rf7+ $1 Kh6 {[#]} 43. Rxh7+ $3 Kxh7 44. Qf7+
Kh6 45. Qf8+ Kh7 1/2-1/2

[Event "Aeroflot Open 2017"]
[Site "Moscow"]
[Date "2017.02.26"]
[Round "6"]
[White "Esipenko, Andrey"]
[Black "Van Foreest, Jorden"]
[Result "1/2-1/2"]
[WhiteElo "2502"]
[BlackElo "2584"]
[Annotator "TA"]
[PlyCount "148"]
[EventDate "2017.??.??"]

1. d4 Nf6 2. c4 e6 3. Nf3 b6 4. g3 Bb7 5. Bg2 Be7 6. O-O O-O 7. Nc3 Ne4 8. Bd2
Bf6 9. Rc1 d6 10. d5 Nxc3 11. Bxc3 Bxc3 12. Rxc3 e5 13. e4 a5 {LiveBook: 4
Games} 14. b3 Nd7 15. a3 Nc5 16. Nd2 Bc8 17. b4 Nb7 18. Qb3 Bd7 19. Rcc1 Qe7
20. Qb2 Ra7 21. Nb1 Rfa8 22. Nc3 Nd8 23. Rfe1 f6 24. Nb5 Bxb5 25. cxb5 axb4 26.
axb4 Qd7 27. Qe2 Ra2 28. Qh5 R8a7 29. Qh3 Qxh3 $1 (29... Qxb5 30. Bf1 Qe8 31.
Qc8 $16) 30. Bxh3 R2a4 31. Bf1 Rxb4 32. Rc2 Rba4 33. Rec1 Nb7 34. Rxc7 Nc5 (
34... Rxe4 35. Bh3 Rea4 36. Be6+ Kf8 37. Rc8+ Nd8 38. Rxd8+ Ke7 39. Rcc8 Ra1+
40. Kg2) 35. Rc6 Nb3 (35... Rxe4 $2 36. Rxb6 (36. Rxd6 Rb7 $16) 36... Rd7 37.
Rb1 $18) 36. Rd1 Rd4 $2 (36... Rxe4 $2 37. Rxd6 (37. Rxb6 Rb4 38. Rxd6 Nd4 $18)
37... Rd4 38. Rxd4 Nxd4 39. Rxb6 $18) (36... Ra1 $1 $14 37. Rxa1 Rxa1) 37. Re1
$2 ({White must play} 37. Rxd4 $18 exd4 38. Rxd6 (38. Rxb6 Ra1 $16)) 37... Rd2
$1 $11 38. Rxb6 {[#] Strongly threatening Rb8+.} Nd4 {aiming for ...Nf3+.} 39.
Rb8+ Kf7 {Black has compensation.} 40. Rc1 $2 (40. Bg2 $1 $11) 40... Kg6 $2 (
40... Raa2 $19 41. Rc7+ Kg6) 41. Bc4 {The position is equal.} Rc7 {[#] ...Ne2+
is the strong threat.} 42. b6 Rc5 43. Kf1 Rb2 {Hoping for ...Nb3.} 44. Rc3 Rb4
45. b7 Rc7 ({Not} 45... Rbxc4 $2 46. Rxc4 Rxc4 47. Rc8 $18) (45... Rb1+ $5 46.
Kg2 $8 Rc7 $11) 46. Kg2 Rcxb7 ({Don't go for} 46... Rbxc4 $2 47. Rxc4 Rxc4 48.
Rc8 $18) 47. Rxb7 Rxb7 {Endgame KRB-KRN} 48. Bf1 Kf7 49. Rc8 Nb3 50. Be2 Nc5
51. f3 Rb2 52. Kf2 Rb7 53. Rd8 Rd7 54. Rxd7+ Nxd7 {KB-KN} 55. Bf1 g6 56. Bh3
Nc5 57. Ke3 Nb3 58. Bc8 Nd4 59. Bd7 f5 60. Bc8 Kf6 61. Bd7 Nb3 62. Ba4 Nc5 63.
Bc2 fxe4 64. fxe4 g5 65. Bd1 h6 66. Bh5 Ke7 67. Bg6 Nd7 68. Bf5 Nf6 69. Kd3 Kd8
70. Kc4 Kc7 71. Kb5 Kb7 72. Ka5 Ne8 73. Kb5 Nc7+ 74. Ka5 Ne8 1/2-1/2

[Event "Aeroflot Open 2017"]
[Site "Moscow"]
[Date "2017.02.26"]
[Round "6"]
[White "Kuybokarov, Temur"]
[Black "Predke, Alexandr"]
[Result "1-0"]
[WhiteElo "2491"]
[BlackElo "2573"]
[Annotator "TA"]
[PlyCount "161"]
[EventDate "2017.??.??"]

1. e4 e5 2. Nf3 Nc6 3. Bc4 Nf6 4. d3 Qe7 5. a3 g6 6. Nc3 Bg7 7. Bg5 h6 8. Nd5
Qd8 9. Nxf6+ Bxf6 10. Be3 d6 11. Qd2 Bg7 12. O-O-O f5 13. Qc3 Bd7 14. Rhe1 Qf6
15. exf5 gxf5 (15... Bxf5 $6 16. Bd5 $16) 16. d4 {Strongly threatening dxe5.}
e4 17. g3 Be6 18. Nh4 Bxc4 19. Qxc4 {Threatening Qb5.} O-O-O 20. Ng2 d5 21. Qa4
Kb8 22. c3 Ne7 23. Qc2 Rhe8 24. Qd2 Nc6 25. b4 Ne7 26. Bf4 Nc8 27. Ne3 Qf7 28.
a4 Re6 29. Kc2 a5 30. bxa5 {Black should prevent Rb1.} Ra6 31. Ra1 Rxa5 32.
Reb1 Na7 33. Kd1 Kc8 34. Ke1 b6 35. Kf1 Kb7 36. c4 $1 Nc6 37. cxd5 Rdxd5 38.
Nxd5 Qxd5 39. Qa2 $1 Qxd4 $2 (39... Nxd4 $16 40. Qxd5+ Rxd5) 40. Rd1 $18 Qc3
41. Rac1 Qf3 42. Kg1 $1 Rc5 43. Rd7 (43. Rf1 $1 $18 Rxc1 44. Rxc1 (44. Bxc1 Nd4
45. Re1 Qd3 $11)) 43... Rxc1+ $16 44. Bxc1 {Threatens to win with Bf4.} Bd4 45.
Qd2 (45. Bxh6 $6 Qd1+ 46. Kg2 Qf3+ 47. Kg1 Qd1+ 48. Kg2 Qf3+ 49. Kg1 $11) 45...
h5 46. Qf4 (46. Qc2 $1 $16 Kc8 47. Rh7) 46... Qd1+ $1 $11 47. Kg2 Ne5 48. Re7
$40 {White is up to no good.} Ka6 $2 (48... Qc2 $11 49. Be3 Ng6 50. Rxc7+ Qxc7
51. Qxc7+ Kxc7 52. Bxd4 Nf8) 49. Qxf5 $18 ({Worse is} 49. Rxe5 Qf3+ 50. Kg1
Bxe5 51. Qxe5 Qd1+ 52. Kg2 Qf3+ 53. Kh3 Qg4+ 54. Kg2 Qf3+ 55. Kh3 Qg4+ 56. Kg2
Qf3+ $11) 49... Nf3 ({Reject} 49... Qxc1 50. Qxe4 (50. Rxe5 Bxe5 51. Qxe5 Qc4
$16) 50... Ka5 51. Qxd4 $18) 50. Qb5+ Ka7 51. Rxc7+ Kb8 52. Qe8+ Kxc7 53. Bf4+
Kb7 54. Qxe4+ Ka7 {( -> ...Qg1+)} 55. Qxf3 Qxa4 56. Qxh5 Qc2 57. Qf7+ Ka6 58.
Bb8 (58. Bg5 $18 {has better winning chances.}) 58... b5 $16 59. Qf4 $1 Qc4 $2
(59... Qb2 $16) 60. Qe4 $1 $18 Kb6 {[#]} 61. Qa8 $2 (61. h4 $1 $18) 61... Qc6+
$14 62. Qxc6+ Kxc6 {Endgame KB-KB} 63. Kf3 {And now Ke4 would win.} b4 64. Ke4
b3 $1 65. Kd3 $1 Bxf2 {[#]} ({Better is} 65... b2 $1 $14 66. Kc2 Bxf2 67. Kxb2
Kd5) 66. Kc3 ({White must play} 66. Be5 $1 $18) 66... Kd5 67. Kxb3 Ke4 68. Kc4
{h3 is the strong threat.} Bg1 $2 (68... Kf3 $16) 69. h4 $18 {Black must now
prevent h5.} Kf5 70. Kd5 {aiming for Kd6.} Kg4 $2 (70... Bb6 $16) 71. Bc7 {
White mates.} Kf5 72. Kd6 Bf2 73. Ke7 Kg6 74. Ke6 Be1 75. Bf4 Bf2 76. Ke5 Be1
77. Ke4 Kh5 78. Kf3 Ba5 79. Bg5 Be1 80. g4+ Kg6 81. Bd8 1-0

[Event "Aeroflot Open 2017"]
[Site "Moscow"]
[Date "2017.02.26"]
[Round "6"]
[White "Moskalenko, Alexander"]
[Black "Kraemer, Martin"]
[Result "1/2-1/2"]
[WhiteElo "2488"]
[BlackElo "2571"]
[Annotator "TA"]
[PlyCount "218"]
[EventDate "2017.??.??"]

1. d4 Nf6 2. c4 e6 3. g3 d5 4. Nf3 Bb4+ 5. Bd2 Be7 6. Bg2 O-O 7. O-O c6 8. Qc2
Nbd7 9. Bf4 b6 10. Rd1 Ba6 11. Ne5 Rc8 12. Qa4 Nb8 $1 {LiveBook: 3 Games} 13.
Qb3 Nh5 14. Nd2 Nxf4 {Black is slightly better.} 15. gxf4 g6 16. e3 Rc7 17.
Rac1 Qc8 18. Rc2 b5 19. cxd5 cxd5 20. Rdc1 Rxc2 21. Rxc2 Qb7 22. Bf1 Qb6 23.
Nd3 b4 24. Ne5 f6 25. Nef3 Bb7 26. Qd3 Ba6 27. Qb3 Bb7 28. Qd3 Rc8 29. Rxc8+
Bxc8 30. Qc2 Qc6 31. Qb1 a5 32. h4 Nd7 33. Bd3 Kg7 34. Qf1 Nb6 35. h5 Bd7 36.
hxg6 hxg6 37. Nh4 Be8 38. Qb1 f5 39. Nhf3 Bd6 40. Ng5 Be7 41. Ndf3 Nd7 42. Kg2
Nf8 43. Qh1 Qc8 44. Qf1 Qc6 45. Ne5 Qb6 46. Kg3 Nh7 47. Nxh7 Kxh7 48. Nf3 Qb8
49. Kg2 Kg7 50. Qc1 Bd6 51. Ng5 {[#] Strongly threatening Qh1.} Bd7 52. Qh1 Qg8
53. Qf1 Qb8 54. Bc2 Qc8 55. Qh1 {[#] Intending Qh7+ and mate.} Qg8 56. Qd1 Qe8
57. Qh1 {next Qh7+ is good for White.} Qg8 58. Bd3 Be7 59. Nf3 Qc8 60. Qf1 Qb7
61. Ba6 Qb6 62. Ne5 Be8 63. Bc8 Bd6 64. Nf3 Qc6 65. Ba6 Kg8 66. Bd3 Be7 67. Qh1
Qc7 68. Qd1 Kg7 69. Kf1 Qc6 70. Ke2 Qa4 71. Qb1 Qc6 72. Kd2 Qc7 73. Qf1 Qb7 74.
Qh3 Qc7 75. Qh2 Bf6 76. Qg1 Be7 77. Ne5 Qb7 78. Be2 Bd6 79. Qg5 Be7 80. Qg3 {
Bh5 is the strong threat.} Bd6 81. Qg1 Qe7 82. Nf3 Qd7 83. Bd1 Qc8 84. Ng5 {
And now Qh2 would win.} Be7 85. Qh2 {White threatens Qh7+ and mate.} Bxg5 $1
86. fxg5 Qd8 $1 87. Qe5+ Kf7 88. Be2 (88. f4 $1 $14) 88... Qxg5 89. Qc7+ Qe7
90. Qxa5 Kf6 91. f4 g5 92. fxg5+ Kxg5 93. Qa8 f4 94. Qb8 fxe3+ 95. Kxe3 Kg6 96.
Kd2 Kg7 97. Kc2 Ba4+ $1 98. b3 {The position is equal.} Be8 99. Kb2 Bg6 100.
Qe5+ Qf6 101. a3 bxa3+ 102. Kxa3 Qxe5 103. dxe5 $11 {Endgame KB-KB} d4 104. Kb4
{Threatens to win with Kc4.} Be4 105. Kc5 d3 106. Bd1 {Black must now prevent
Kd4.} Kg6 107. Kd4 Kf5 108. b4 Bc6 109. Kxd3 {Hoping for Kd4.} Kxe5 1/2-1/2

[Event "Aeroflot Open 2017"]
[Site "Moscow"]
[Date "2017.02.27"]
[Round "7"]
[White "Inarkiev, Ernesto"]
[Black "Smirin, Ilia"]
[Result "1-0"]
[WhiteElo "2723"]
[BlackElo "2670"]
[Annotator "TA"]
[PlyCount "104"]
[EventDate "2017.??.??"]

1. d4 Nf6 2. c4 g6 3. Nc3 Bg7 4. e4 d6 5. Nf3 O-O 6. Be2 e5 7. Be3 Ng4 8. Bg5
f6 9. Bh4 g5 10. Bg3 Nh6 11. h3 exd4 12. Nxd4 Nc6 13. h4 {LiveBook: 6 Games}
Nxd4 14. Qxd4 f5 15. Qd5+ {White is slightly better.} Kh8 16. hxg5 Qxg5 17. c5
Bd7 18. Rh5 $36 {White is pushing.} (18. Qxb7 Rab8 19. Qxc7 Rxb2 $17) 18... Qg6
19. cxd6 Bc6 20. Qd2 fxe4 (20... cxd6 $1 $14 21. Qxd6 fxe4) 21. dxc7 $18 {
Threatens to win with Bf4.} e3 $2 (21... Nf5 22. Bf4 Nd4) 22. Qxe3 Rae8 {[#]}
23. Qg5 $1 Qxg5 24. Rxg5 Nf5 {[#]} 25. Rxf5 $1 Rxf5 26. O-O-O Rff8 27. Bh5 Ra8
28. Nd5 Rf5 29. Bf3 Be5 {White should prevent ...Bxg3.} 30. Bg4 Rg5 {next ...
Bxg3 is good for Black.} 31. Bxe5+ Rxe5 32. Nf6 (32. Ne3 $142) 32... Rc5+ 33.
Kb1 {And now Rd8+ would win.} Kg7 34. Rc1 Rxc1+ 35. Kxc1 {Hoping for Nh5+.}
Kxf6 ({Wrong is} 35... Bxg2 $2 36. Nh5+ Kg6 37. Ng3 $18) 36. g3 Ke5 37. a3 a5 (
37... Ke4 $16) 38. Kd2 Kd4 39. c8=Q Rxc8 40. Bxc8 {Endgame KB-KB} h6 (40... Bf3
$142 41. Bd7 h6) 41. Be6 Ke5 (41... Bf3 $16 42. Bh3 Be4) 42. Bh3 Kd4 43. f4 b6
44. Be6 Be8 45. Ke2 Bc6 46. Kf2 Bb7 $2 (46... Ba4 47. g4 Kc5) 47. g4 {White is
clearly winning.} Kc5 48. Ke3 Kd6 49. Bf5 Ke7 50. g5 hxg5 51. fxg5 Bd5 52. Kd4
Kd6 1-0

[Event "Aeroflot Open 2017"]
[Site "Moscow"]
[Date "2017.02.27"]
[Round "7"]
[White "Matlakov, Maxim"]
[Black "Swiercz, Dariusz"]
[Result "1-0"]
[WhiteElo "2701"]
[BlackElo "2645"]
[Annotator "TA"]
[PlyCount "83"]
[EventDate "2017.??.??"]

1. c4 Nf6 2. Nc3 e5 3. Nf3 Nc6 4. g3 d5 5. cxd5 Nxd5 6. Bg2 Nb6 7. O-O Be7 8.
Rb1 a5 9. d3 O-O 10. Be3 Be6 11. a3 Nd5 12. Nxd5 Bxd5 13. Qa4 Re8 14. Rbc1 {
LiveBook: 5 Games} Bd6 15. Nd2 Ne7 16. Bxd5 {White has an edge.} Nxd5 17. Qb5
Bf8 18. Bc5 b6 19. Bxf8 Kxf8 20. e4 Nf6 21. Rc6 Nd7 22. b4 axb4 23. axb4 ({
Much weaker is} 23. Qxb4+ Kg8 24. a4 Nc5 $15) 23... Nb8 24. Rc3 c6 25. Qc4 b5
26. Qb3 Ra4 27. Nf3 Qf6 28. Kg2 Na6 29. Rc4 Qd6 30. Ng5 {And now Rxc6! would
win.} bxc4 31. Qxa4 Nxb4 {[#] ...h6 is the strong threat.} 32. dxc4 h6 33. Nf3
Qc5 34. Rb1 $36 {White has the initiative.} Rb8 35. Qa1 f6 36. Qc3 Na6 37. Rd1
(37. Rxb8+ $14 Nxb8 38. Qd3) 37... Nc7 38. Nh4 {Threatens to win with Rd7.} Ne6
39. Nf5 Rd8 $2 {[#]} (39... Ra8 $14) 40. Rxd8+ $18 {White is clearly winning.}
Nxd8 41. Qd3 Nf7 (41... Ke8 $142 42. Nxg7+ Kf8) 42. Qd7 1-0

[Event "Aeroflot Open 2017"]
[Site "Moscow"]
[Date "2017.02.27"]
[Round "7"]
[White "Mamedov, Rauf"]
[Black "Iturrizaga Bonelli, Eduardo"]
[Result "1/2-1/2"]
[WhiteElo "2688"]
[BlackElo "2652"]
[Annotator "TA"]
[PlyCount "47"]
[EventDate "2017.??.??"]

1. e4 c6 2. d4 d5 3. e5 Bf5 4. Nf3 e6 5. Be2 Nd7 6. O-O Bb4 7. c3 Ba5 8. Nbd2 {
LiveBook: 20 Games} h6 9. Re1 Ne7 10. Nf1 {White is slightly better.} O-O 11.
Ng3 Bh7 12. Qd2 Qe8 13. b3 f6 14. exf6 Rxf6 15. Bd3 (15. Ba3 $16) 15... Bxd3
$11 16. Qxd3 Bc7 17. Qe2 Kh8 18. c4 a6 19. Bd2 Qf7 20. Rac1 Ng6 {The position
is equal.} 21. Nh5 Rf5 22. Ng3 ({Much weaker is} 22. Qxe6 Qxe6 23. Rxe6 Ndf8
24. Rxg6 Nxg6 $17) 22... Rf6 $1 23. Nh5 Rf5 24. Ng3 ({Much worse is} 24. Qxe6
Qxe6 25. Rxe6 Ndf8 26. Rxg6 Nxg6 $17) 1/2-1/2

[Event "Aeroflot Open 2017"]
[Site "Moscow"]
[Date "2017.02.27"]
[Round "7"]
[White "Movsesian, Sergei"]
[Black "Oparin, Grigoriy"]
[Result "1/2-1/2"]
[WhiteElo "2679"]
[BlackElo "2625"]
[Annotator "TA"]
[PlyCount "98"]
[EventDate "2017.??.??"]

1. Nf3 d5 2. g3 Nd7 3. Bg2 {??.} e5 4. O-O Ngf6 5. d4 exd4 6. Nxd4 Nb6 7. a4 a5
8. Nc3 Bb4 9. Na2 Be7 10. Nc3 O-O 11. e4 dxe4 12. Nxe4 c6 13. c3 Re8 14. Ng5
Bg4 15. Qb3 Nfd5 $36 {Black has some pressure.} 16. h3 Bh5 17. Ne4 Bg6 18. Re1
h6 19. Bd2 Bf8 {And now ...f5 would win.} 20. g4 $1 Qc7 21. Re2 Nd7 22. Rae1
Rad8 23. Nf5 Bxf5 24. gxf5 Nc5 25. Nxc5 Rxe2 26. Rxe2 {[#] Threatens to win
with Nd3.} Bxc5 27. Qc4 Bb6 28. Qh4 Nf6 29. Qf4 Qd7 30. Qf3 Qd6 31. Kf1 Bc7 32.
Ke1 {[#]} ({White should try} 32. c4 $15) 32... Nd7 (32... Qc5 $1 $19 {White
must now prevent ...Qc4.} 33. Be3 Qc4) 33. Kf1 $15 Qf6 34. Qg4 Nc5 35. Bf3 Nd3
36. Be3 Ne5 37. Qe4 Rd1+ 38. Re1 Rxe1+ 39. Kxe1 g6 40. Bg4 Nxg4 41. hxg4 ({
Of course not} 41. Qxg4 h5 42. Qe4 Qxf5 43. Qe8+ Kh7 $17) 41... gxf5 42. gxf5
Be5 43. Kf1 Qd6 {The position is equal.} 44. Bb6 Bf6 45. Kg2 Qd2 46. Be3 Qxb2
47. Qg4+ Kh7 48. Qh5 Kg8 49. Qg4+ ({Much worse is} 49. Bxh6 Qxc3 50. Qe2 Qe5
51. Qg4+ Bg7 $17) 49... Kh7 1/2-1/2

[Event "Aeroflot Open 2017"]
[Site "Moscow"]
[Date "2017.02.27"]
[Round "7"]
[White "Sjugirov, Sanan"]
[Black "Goganov, Aleksey"]
[Result "1/2-1/2"]
[WhiteElo "2673"]
[BlackElo "2632"]
[Annotator "TA"]
[PlyCount "88"]
[EventDate "2017.??.??"]

1. e4 e6 2. d4 d5 3. Nd2 c5 4. Ngf3 cxd4 5. exd5 Qxd5 6. Bc4 Qd6 7. O-O Nf6 8.
Nb3 Nc6 9. Nbxd4 Nxd4 10. Nxd4 a6 11. Re1 Qc7 12. Qe2 Bd6 13. Bg5 O-O 14. Bxf6
gxf6 15. Bd3 f5 16. Qh5 {LiveBook: 5 Games} Be5 17. c3 $1 Kh8 18. Re3 {White
is slightly better.} Rg8 19. Rae1 Bxd4 20. cxd4 Bd7 {[#]} 21. d5 $1 ({But not} 
21. Qxf7 Rxg2+ 22. Kf1 Qxh2 $15) 21... Qd6 22. Qh4 Qxd5 23. Qf6+ Rg7 24. Rg3
Rag8 {[#]} 25. Ree3 $1 {White wants to mate with Rxg7.} f4 $1 26. Qxf4 $40 {
Qf6 is the strong threat. White is up to no good.} f5 (26... Qxa2 $2 27. Rxg7
Qa1+ 28. Bf1 Rxg7 29. Qb8+ Be8 30. Qxe8+ $18) 27. Qh4 (27. Qb4 $16 {Hoping for
Rxg7.} h6 28. Qc3) 27... Rg6 (27... Bc6 $1 $11 {remains equal.}) 28. Qb4 $16 h6
29. Bf1 {Black must now prevent Rd3.} Bb5 (29... Rg4 $14 30. Qa3 Rxg3 31. hxg3
Rg7) 30. Rxg6 Rxg6 31. Qf8+ Kh7 32. Qf7+ Rg7 33. Qxe6 Bc4 34. Qxd5 Bxd5 {
Endgame KRB-KRB} 35. f3 f4 36. Re8 Rc7 37. Rf8 Bf7 38. a3 (38. b3 $14) 38...
Kg7 $11 39. Rd8 Rc1 {aiming for ...Bc4.} 40. Rd7 b5 41. g3 Kf6 {Threatens to
win with ...fxg3.} 42. Rd2 ({Don't take} 42. gxf4 $2 Bc4 43. Rd6+ Kf5 44. Rxh6
Kxf4 $19) 42... Bc4 43. Rf2 Rb1 {Black has compensation.} 44. b4 ({Don't play} 
44. gxf4 Bxf1 45. Rxf1 Rxb2 $17) 44... Ke5 1/2-1/2

[Event "Aeroflot Open 2017"]
[Site "Moscow"]
[Date "2017.02.27"]
[Round "7"]
[White "Vidit, Santosh Gujrathi"]
[Black "Tari, Aryan"]
[Result "1/2-1/2"]
[WhiteElo "2673"]
[BlackElo "2596"]
[Annotator "TA"]
[PlyCount "57"]
[EventDate "2017.??.??"]

1. e4 c6 2. d4 d5 3. e5 Bf5 4. Nf3 e6 5. Be2 Ne7 6. O-O c5 7. c4 Nbc6 8. dxc5
d4 9. Qb3 {LiveBook: 17 Games} Qc8 10. Rd1 Ng6 11. Nxd4 {White has an edge.}
Nxd4 12. Rxd4 {Black must now prevent Bf3.} Bxc5 13. Rd1 O-O 14. Nc3 Qc6 15.
Bf3 Qc7 16. Na4 Nxe5 17. Nxc5 {[#] Strongly threatening Ne4.} ({Of course not} 
17. Qxb7 Nxf3+ 18. Qxf3 Bc2 19. Nxc5 Bxd1 20. Qxd1 Qxc5 $15) ({Much worse is} 
17. Bxb7 {[#]} Bxf2+ $1 18. Kxf2 Ng4+ 19. Kf1 Rab8 $17) 17... Nxf3+ 18. Qxf3
Qxc5 19. b3 Rfd8 20. Be3 Qc7 21. h4 h6 22. Bf4 Qe7 23. Qg3 Kh7 24. Bd6 $36 {
White is more active.} Qf6 25. Be5 Qg6 {The position is equal.} 26. Qxg6+ Kxg6
({Don't play} 26... fxg6 $6 27. f3 $16) 27. Bc7 Rxd1+ 28. Rxd1 Be4 29. f3
1/2-1/2

[Event "Aeroflot Open 2017"]
[Site "Moscow"]
[Date "2017.02.27"]
[Round "7"]
[White "Motylev, Alexander"]
[Black "Bosiocic, Marin"]
[Result "1/2-1/2"]
[WhiteElo "2663"]
[BlackElo "2602"]
[Annotator "TA"]
[PlyCount "46"]
[EventDate "2017.??.??"]

1. e4 c5 2. Nf3 e6 3. d4 cxd4 4. Nxd4 Nc6 5. Nc3 Qc7 6. Be3 a6 7. Qf3 Bd6 8.
O-O-O Be5 9. g3 Nge7 10. Qe2 b5 11. f4 Bxd4 12. Bxd4 {LiveBook: 4 Games} Nxd4
13. Rxd4 Rb8 14. Qd2 {White is slightly better.} b4 15. Na4 a5 16. Rc4 Qa7 17.
Qd4 Qxd4 18. Rxd4 Nc6 19. Rd2 Ke7 20. e5 $36 {White has good play.} Rd8 21. Bg2
Na7 $1 22. Rhd1 Nb5 {[#]} 23. Bc6 (23. Nc5 $1 $16) 23... d5 1/2-1/2